[Event "3. Open Distrito Chamartín 2014"]
[Site "Madrid ESP"]
[Date "2014.09.07"]
[Round "1.1"]
[White "Algaba Traspuesto, Jose Antoni"]
[Black "Barria Zuniga, Daniel"]
[Result "0-1"]
[WhiteElo "1691"]
[BlackElo "2427"]
[PlyCount "44"]
[EventDate "2014.09.07"]
[EventType "swiss"]
[EventRounds "9"]
[EventCountry "ESP"]
[SourceTitle "Ajedrez en Madrid"]
[Source "lmi"]
[SourceDate "2014.09.07"]
[SourceVersion "1"]
[SourceVersionDate "2015.07.30"]
[SourceQuality "1"]

1. d4 Nf6 2. Nf3 g6 3. Nc3 c5 4. e4 cxd4 5. Nxd4 d6 6. Be3 Bg7 7. f3 Nc6 8. Qd2
O-O 9. Bc4 Bd7 10. O-O-O Qa5 11. Bb3 Rfc8 12. h4 Ne5 13. g4 Nc4 14. Bxc4 Rxc4
15. Kb1 Rac8 16. Nb3 Qa6 17. h5 Bxg4 18. fxg4 Rxc3 19. bxc3 Nxe4 20. Qh2 Nxc3+
21. Kc1 Nxa2+ 22. Kb1 Qa3 0-1

[Event "3. Open Distrito Chamartín 2014"]
[Site "Madrid ESP"]
[Date "2014.09.07"]
[Round "1.2"]
[White "Roa Alonso, Santiago"]
[Black "Cuellar Gutierrez, Raul"]
[Result "1-0"]
[WhiteElo "2397"]
[BlackElo "1690"]
[PlyCount "45"]
[EventDate "2014.09.07"]
[EventType "swiss"]
[EventRounds "9"]
[EventCountry "ESP"]
[SourceTitle "Ajedrez en Madrid"]
[Source "lmi"]
[SourceDate "2014.09.07"]
[SourceVersion "1"]
[SourceVersionDate "2015.07.30"]
[SourceQuality "1"]

1. e4 c5 2. Nf3 d6 3. c3 Nf6 4. h3 Nxe4 5. Qa4+ Nc6 6. Qxe4 e5 7. Bc4 g6 8. d4
Bf5 9. Qe2 cxd4 10. Nxd4 Nxd4 11. cxd4 Bg7 12. Bb5+ Kf8 13. dxe5 dxe5 14. O-O
a6 15. Rd1 Qh4 16. Bd7 Bf6 17. Bxf5 gxf5 18. Qf3 Rg8 19. Qxf5 Kg7 20. Nc3 Kh8
21. Ne4 Rg6 22. g3 Rag8 23. Kh1 1-0

[Event "3. Open Distrito Chamartín 2014"]
[Site "Madrid ESP"]
[Date "2014.09.07"]
[Round "1.3"]
[White "Rottenwoerer, Christoph"]
[Black "Hernando Pertierra, Jose C"]
[Result "0-1"]
[WhiteElo "1677"]
[BlackElo "2379"]
[PlyCount "58"]
[EventDate "2014.09.07"]
[EventType "swiss"]
[EventRounds "9"]
[EventCountry "ESP"]
[SourceTitle "Ajedrez en Madrid"]
[Source "lmi"]
[SourceDate "2014.09.07"]
[SourceVersion "1"]
[SourceVersionDate "2015.07.30"]
[SourceQuality "1"]

1. Nf3 Nf6 2. g3 d5 3. c4 c6 4. Bg2 e6 5. O-O Bd6 6. d4 O-O 7. Qc2 b6 8. Nbd2
Ba6 9. b3 Nbd7 10. Bb2 Rc8 11. Rac1 c5 12. Ba3 Qe7 13. e4 cxd4 14. Bxd6 Qxd6
15. exd5 Nxd5 16. Ne4 Qe7 17. Nxd4 b5 18. c5 f5 19. Nd2 Nb4 20. Qb1 Nxc5 21.
Rfe1 Qd6 22. Rxc5 Rxc5 23. Nxe6 Rc2 24. Nf3 Rfc8 25. Qa1 R2c3 26. Nfd4 Nd3 27.
Rd1 Rc1 28. Nxf5 Rxa1 29. Bd5 Rxd1+ 0-1

[Event "3. Open Distrito Chamartín 2014"]
[Site "Madrid ESP"]
[Date "2014.09.07"]
[Round "1.4"]
[White "Elissalt Cardenas, Hector"]
[Black "Martinez Pintor, Juan"]
[Result "1-0"]
[WhiteElo "2334"]
[BlackElo "1668"]
[PlyCount "37"]
[EventDate "2014.09.07"]
[EventType "swiss"]
[EventRounds "9"]
[EventCountry "ESP"]
[SourceTitle "Ajedrez en Madrid"]
[Source "lmi"]
[SourceDate "2014.09.07"]
[SourceVersion "1"]
[SourceVersionDate "2015.07.30"]
[SourceQuality "1"]

1. c4 c6 2. b3 e6 3. Bb2 d5 4. Nf3 Nf6 5. g3 Be7 6. Bg2 O-O 7. O-O Nbd7 8. d3
Qc7 9. Nbd2 e5 10. cxd5 Nxd5 11. a3 Bf6 12. Ne4 Be7 13. Qc2 f5 14. Ned2 Bf6 15.
e4 fxe4 16. Nxe4 Kh8 17. Rfe1 Re8 18. Nxf6 gxf6 19. d4 1-0

[Event "3. Open Distrito Chamartín 2014"]
[Site "Madrid ESP"]
[Date "2014.09.07"]
[Round "1.5"]
[White "Diaz Urena, German"]
[Black "Renteria, Jorge"]
[Result "0-1"]
[WhiteElo "1668"]
[BlackElo "2313"]
[PlyCount "78"]
[EventDate "2014.09.07"]
[EventType "swiss"]
[EventRounds "9"]
[EventCountry "ESP"]
[SourceTitle "Ajedrez en Madrid"]
[Source "lmi"]
[SourceDate "2014.09.07"]
[SourceVersion "1"]
[SourceVersionDate "2015.07.30"]
[SourceQuality "1"]

1. d4 Nf6 2. Nf3 d6 3. e3 g6 4. b3 Bg7 5. Bb2 O-O 6. Nbd2 a5 7. Bd3 a4 8. a3
axb3 9. cxb3 Nc6 10. O-O e5 11. dxe5 Ng4 12. Be2 Ngxe5 13. Nxe5 Nxe5 14. Qc2 c6
15. Nf3 Bf5 16. Qd2 Nxf3+ 17. Bxf3 d5 18. Bxg7 Kxg7 19. b4 Qf6 20. Rfd1 h5 21.
Qd4 Ra4 22. Qxf6+ Kxf6 23. Rdc1 Rfa8 24. Rc3 Rxb4 25. h4 Rba4 26. g3 Bd7 27.
Bd1 R4a5 28. Rd3 Be6 29. Bf3 c5 30. Rc3 c4 31. Kf1 Ke5 32. Bg2 b5 33. f4+ Kd6
34. e4 d4 35. e5+ Kc5 36. Bxa8 dxc3 37. Be4 Kd4 38. Bc2 Ke3 39. Kg2 Bf5 0-1

[Event "3. Open Distrito Chamartín 2014"]
[Site "Madrid ESP"]
[Date "2014.09.07"]
[Round "1.6"]
[White "Fernandez Lledo, Javier"]
[Black "Rodriguez Sebastian, Roberto"]
[Result "1-0"]
[WhiteElo "2251"]
[BlackElo "1666"]
[PlyCount "67"]
[EventDate "2014.09.07"]
[EventType "swiss"]
[EventRounds "9"]
[EventCountry "ESP"]
[SourceTitle "Ajedrez en Madrid"]
[Source "lmi"]
[SourceDate "2014.09.07"]
[SourceVersion "1"]
[SourceVersionDate "2015.07.30"]
[SourceQuality "1"]

1. Nf3 Nf6 2. b4 d6 3. g3 g6 4. Bb2 Bg7 5. Bg2 O-O 6. O-O Nbd7 7. c4 e5 8. Qc2
Qe7 9. Nc3 Re8 10. Rac1 Nf8 11. Nd5 Qd8 12. d3 c6 13. Nxf6+ Bxf6 14. c5 d5 15.
e4 d4 16. Nd2 Be6 17. a3 a5 18. f4 axb4 19. axb4 Qc7 20. Nc4 Bxc4 21. Qxc4 Red8
22. Rc2 Qe7 23. Bh3 exf4 24. gxf4 Bg7 25. Rg2 Ra4 26. Bc1 Bh6 27. Kh1 Qh4 28.
Rg3 Qe7 29. Bb2 b5 30. Qb3 Ne6 31. f5 Nc7 32. fxg6 hxg6 33. Rxg6+ Kh7 34. Rxf7+
1-0

[Event "3. Open Distrito Chamartín 2014"]
[Site "Madrid ESP"]
[Date "2014.09.07"]
[Round "1.7"]
[White "Bento Iglesias, Pablo"]
[Black "Semprun Martinez, Fernando"]
[Result "1/2-1/2"]
[WhiteElo "1660"]
[BlackElo "2181"]
[PlyCount "216"]
[EventDate "2014.09.07"]
[EventType "swiss"]
[EventRounds "9"]
[EventCountry "ESP"]
[SourceTitle "Ajedrez en Madrid"]
[Source "lmi"]
[SourceDate "2014.09.07"]
[SourceVersion "1"]
[SourceVersionDate "2015.07.30"]
[SourceQuality "1"]

1. e4 e5 2. Nf3 Nc6 3. Bb5 a6 4. Ba4 Nf6 5. d3 d6 6. h3 g6 7. Be3 Bg7 8. c3 O-O
9. O-O b5 10. Bb3 Qe7 11. Re1 Be6 12. Nbd2 d5 13. Bg5 Rad8 14. exd5 Bxd5 15. d4
h6 16. Nxe5 hxg5 17. Nxc6 Qxe1+ 18. Qxe1 Bxc6 19. Qe7 Rd7 20. Qc5 Bd5 21. Bxd5
Nxd5 22. Re1 Rfd8 23. Qa3 Rd6 24. Qb3 Kf8 25. Nf3 f6 26. Qc2 Kf7 27. Qe4 Bf8
28. h4 gxh4 29. Qxh4 Bg7 30. Qe4 c6 31. g4 Bf8 32. Nh4 Ne7 33. f4 Kg7 34. Re2
Rd5 35. f5 g5 36. Nf3 Ng8 37. Qe6 R5d6 38. Qe3 Nh6 39. Nxg5 fxg5 40. Qxg5+ Kh7
41. Qh4 c5 42. Re6 cxd4 43. Rxd6 Rxd6 44. cxd4 Rxd4 45. Qf6 Rxg4+ 46. Kh1 Bc5
47. Kh2 Bd4 48. Qe7+ Rg7 49. Qb4 Nxf5 50. Qe1 Be3 51. Qd1 Bf4+ 52. Kh1 Rg3 53.
Qh5+ Nh6 54. Qh4 Rg4 55. Qh5 Bg5 56. Qe8 Bf6 57. b3 Bd4 58. Qh5 Bf6 59. Qe8 Bg7
60. Qe6 Rg6 61. Qh3 b4 62. Qh4 a5 63. Qh5 Bd4 64. Qh4 Bf6 65. Qe4 Nf7 66. Qf5
Ne5 67. Qe4 Kg7 68. Qb7+ Kh6 69. Qe4 Rg4 70. Qf5 Bg7 71. Kh2 Rg5 72. Qe6+ Ng6
73. Qe3 Be5+ 74. Kh1 Nf4 75. Qb6+ Kh5 76. Qe3 Kh4 77. Qe1+ Kh5 78. Qe3 Kg6 79.
Qe4+ Kf6 80. Qc6+ Ne6 81. Qf3+ Kg6 82. Qd3+ Kf6 83. Qf3+ Bf4 84. Qe4 Re5 85.
Qf3 Re1+ 86. Kg2 Re3 87. Qh5 Bg5 88. Qh8+ Kf5 89. Qh7+ Ke5 90. Qh8+ Ke4 91.
Qh7+ Kd4 92. Kf2 Kc3 93. Qf5 Re2+ 94. Kf1 Rxa2 95. Qxe6 Bd2 96. Qc4+ Kb2 97.
Ke2 Bc3 98. Qd5 Ka3+ 99. Ke3 a4 100. bxa4 b3 101. a5 b2 102. Qc5+ Bb4 103. Qc2
Bxa5 104. Kd3 Ra1 105. Qc5+ Bb4 106. Qa7+ Kb3 107. Qf7+ Ka4 108. Qe8+ Kb3
1/2-1/2

[Event "3. Open Distrito Chamartín 2014"]
[Site "Madrid ESP"]
[Date "2014.09.07"]
[Round "1.8"]
[White "Nieto De La Cruz, Julio"]
[Black "Soto Martin, Miguel"]
[Result "1-0"]
[WhiteElo "2179"]
[BlackElo "1658"]
[PlyCount "69"]
[EventDate "2014.09.07"]
[EventType "swiss"]
[EventRounds "9"]
[EventCountry "ESP"]
[SourceTitle "Ajedrez en Madrid"]
[Source "lmi"]
[SourceDate "2014.09.07"]
[SourceVersion "1"]
[SourceVersionDate "2015.07.30"]
[SourceQuality "1"]

1. d4 Nf6 2. c4 g6 3. Nc3 Bg7 4. e4 d6 5. f4 O-O 6. Nf3 Na6 7. e5 Nd7 8. Be3 c5
9. h4 Qa5 10. d5 dxe5 11. Qd2 exf4 12. Bxf4 Nf6 13. Bd3 h5 14. O-O-O Nb4 15.
Bb1 Qa6 16. Qe2 Ng4 17. Rhe1 e6 18. d6 Bd7 19. a3 Bxc3 20. axb4 Bxe1 21. b5 Qa5
22. Rxe1 Qd8 23. Bg5 Qe8 24. Be7 a6 25. Ne5 Nh6 26. g4 hxg4 27. h5 f5 28. hxg6
Kg7 29. Bxf8+ Kxf8 30. Qh2 Kg7 31. Rh1 Qh8 32. Nxd7 Kxg6 33. Qh5+ Kg7 34. Qg5+
Kf7 35. Rxh6 1-0

[Event "3. Open Distrito Chamartín 2014"]
[Site "Madrid ESP"]
[Date "2014.09.07"]
[Round "1.9"]
[White "Martinez Martinez, Antonio"]
[Black "Barez Menendez, Hector"]
[Result "0-1"]
[WhiteElo "1627"]
[BlackElo "2163"]
[PlyCount "72"]
[EventDate "2014.09.07"]
[EventType "swiss"]
[EventRounds "9"]
[EventCountry "ESP"]
[SourceTitle "Ajedrez en Madrid"]
[Source "lmi"]
[SourceDate "2014.09.07"]
[SourceVersion "1"]
[SourceVersionDate "2015.07.30"]
[SourceQuality "1"]

1. e4 e5 2. Nf3 Nc6 3. Bc4 d6 4. h3 g6 5. d4 exd4 6. Ng5 Nh6 7. f4 Bg7 8. Nd2
Na5 9. Bd3 c5 10. b3 O-O 11. O-O f6 12. Ngf3 f5 13. e5 Be6 14. Ng5 Bd5 15. Qe1
dxe5 16. Qh4 e4 17. Be2 d3 18. cxd3 Bxa1 19. Qxh6 Qe7 20. Ba3 Bd4+ 21. Kh2 Qg7
22. Qh4 exd3 23. Bxd3 h6 24. Ngf3 Bf6 25. Qe1 Rfe8 26. Qc1 b6 27. b4 cxb4 28.
Bxb4 Nc6 29. Ba3 Nd4 30. Ng1 Bxa2 31. Ba6 Bd5 32. Bd6 Rad8 33. Qa3 Qd7 34. Bb4
Nc2 35. Qg3 Nxb4 36. Qxg6+ Qg7 0-1

[Event "3. Open Distrito Chamartín 2014"]
[Site "Madrid ESP"]
[Date "2014.09.07"]
[Round "1.10"]
[White "Aziz Ortego, Omar Luis"]
[Black "Yaniz Lana, Francisco Javier"]
[Result "1-0"]
[WhiteElo "2094"]
[BlackElo "1626"]
[PlyCount "85"]
[EventDate "2014.09.07"]
[EventType "swiss"]
[EventRounds "9"]
[EventCountry "ESP"]
[SourceTitle "Ajedrez en Madrid"]
[Source "lmi"]
[SourceDate "2014.09.07"]
[SourceVersion "1"]
[SourceVersionDate "2015.07.30"]
[SourceQuality "1"]

1. d4 Nf6 2. c4 e6 3. a3 d5 4. Nc3 Be7 5. Bf4 O-O 6. e3 c5 7. dxc5 Bxc5 8. cxd5
Nxd5 9. Nxd5 exd5 10. Nf3 h6 11. Rc1 b6 12. b4 Bd6 13. Rxc8 Qxc8 14. Bxd6 Re8
15. Bb5 Re6 16. Qxd5 Qc1+ 17. Ke2 Rxd6 18. Qxd6 Qxh1 19. Qd8+ Kh7 20. Bd3+ g6
21. Qf8 Qa1 22. Qxf7+ Qg7 23. Bxg6+ Kh8 24. Qe8+ Qg8 25. Qe5+ Qg7 26. Be4 Qxe5
27. Nxe5 Nc6 28. Bxc6 Rc8 29. b5 Kg7 30. f4 Kf6 31. g4 Ke7 32. h4 Kf6 33. h5
Ke7 34. Kd3 Rd8+ 35. Bd7 Kf6 36. Ke4 Ke7 37. Kf5 a6 38. bxa6 Ra8 39. Bb5 Rc8
40. Kg6 Rc3 41. a4 Rc7 42. Bc6 Ra7 43. Bb7 1-0

[Event "3. Open Distrito Chamartín 2014"]
[Site "Madrid ESP"]
[Date "2014.09.07"]
[Round "1.11"]
[White "Sotres Menendez, Raul"]
[Black "Madurga Lopez, Ignacio"]
[Result "0-1"]
[WhiteElo "1623"]
[BlackElo "2089"]
[PlyCount "72"]
[EventDate "2014.09.07"]
[EventType "swiss"]
[EventRounds "9"]
[EventCountry "ESP"]
[SourceTitle "Ajedrez en Madrid"]
[Source "lmi"]
[SourceDate "2014.09.07"]
[SourceVersion "1"]
[SourceVersionDate "2015.07.30"]
[SourceQuality "1"]

1. d4 Nf6 2. Nf3 c5 3. e3 cxd4 4. exd4 d5 5. Be2 Nc6 6. O-O Bg4 7. c3 e6 8. Bg5
Be7 9. Qb3 Qc7 10. Nbd2 Ne4 11. Be3 O-O 12. Qc2 f5 13. Nxe4 dxe4 14. Ne1 Bxe2
15. Qxe2 Bd6 16. f4 exf3 17. Nxf3 e5 18. Ng5 Nd8 19. Qh5 g6 20. Qh3 e4 21. d5
Qe7 22. b4 f4 23. Qh4 Rf5 24. Bxf4 Bxf4 25. Rxf4 Qxg5 26. Qxg5 Rxg5 27. Raf1
Rxd5 28. Rf8+ Kg7 29. Re8 a5 30. b5 Rxb5 31. Rd1 Rc5 32. Rexd8 Rxd8 33. Rxd8
Rxc3 34. Rd7+ Kh6 35. Rxb7 e3 36. Rb2 Rc1# 0-1

[Event "3. Open Distrito Chamartín 2014"]
[Site "Madrid ESP"]
[Date "2014.09.07"]
[Round "1.13"]
[White "Barragan Panal, Juan Jose"]
[Black "Lisarri Tomas, Antonio"]
[Result "0-1"]
[WhiteElo "1619"]
[BlackElo "2033"]
[PlyCount "66"]
[EventDate "2014.09.07"]
[EventType "swiss"]
[EventRounds "9"]
[EventCountry "ESP"]
[SourceTitle "Ajedrez en Madrid"]
[Source "lmi"]
[SourceDate "2014.09.07"]
[SourceVersion "1"]
[SourceVersionDate "2015.07.30"]
[SourceQuality "1"]

1. Nf3 Nf6 2. c4 g6 3. Nc3 Bg7 4. g3 O-O 5. Bg2 d6 6. d3 e5 7. Bd2 Nc6 8. Rb1
a5 9. a3 Re8 10. e4 Be6 11. b4 axb4 12. axb4 Qc8 13. Nd5 Nd4 14. Nxf6+ Bxf6 15.
Nxd4 exd4 16. O-O Ra3 17. Bc1 Ra2 18. Bb2 Bg7 19. Qb3 Ra7 20. Ra1 Rxa1 21. Rxa1
b5 22. Qc2 bxc4 23. dxc4 Qb7 24. Qd2 c5 25. e5 Qb6 26. exd6 Qxd6 27. b5 Bxc4
28. Ra6 Qe5 29. Bc6 Rb8 30. Ra8 Rxa8 31. Bxa8 Bxb5 32. Qa5 Qe2 33. Bg2 Qxb2 0-1

[Event "3. Open Distrito Chamartín 2014"]
[Site "Madrid ESP"]
[Date "2014.09.07"]
[Round "1.14"]
[White "Beyerholm, Arne"]
[Black "Arias De Reina Martinez, Francisco"]
[Result "1-0"]
[WhiteElo "2024"]
[BlackElo "1605"]
[PlyCount "99"]
[EventDate "2014.09.07"]
[EventType "swiss"]
[EventRounds "9"]
[EventCountry "ESP"]
[SourceTitle "Ajedrez en Madrid"]
[Source "lmi"]
[SourceDate "2014.09.07"]
[SourceVersion "1"]
[SourceVersionDate "2015.07.30"]
[SourceQuality "1"]

1. d4 Nf6 2. c4 g6 3. Nc3 d5 4. Nf3 Bg7 5. Qb3 dxc4 6. Qxc4 O-O 7. e4 e6 8. Bg5
Qd7 9. Ne5 Qe7 10. Ng4 h5 11. Ne5 c6 12. Be2 Nbd7 13. O-O-O Nb6 14. Qd3 Qc7 15.
Bf4 Qe7 16. Qe3 Nfd7 17. Nxd7 Bxd7 18. Bh6 e5 19. Bxg7 Kxg7 20. Qf3 exd4 21.
Rxd4 Kh6 22. h4 Be6 23. Qe3+ Kg7 24. f3 Rfd8 25. g4 Qc5 26. Rd3 Qxe3+ 27. Rxe3
Nc4 28. Bxc4 Bxc4 29. gxh5 gxh5 30. Rg1+ Kh6 31. f4 Rg8 32. Reg3 Rxg3 33. Rxg3
f6 34. Kc2 Rg8 35. Rxg8 Bxg8 36. b4 Kg7 37. a4 Bc4 38. a5 Kf7 39. Na4 Ke7 40.
Nc5 b6 41. axb6 axb6 42. Na4 b5 43. Nc5 Kd6 44. Kc3 Ke7 45. Kd4 Kd6 46. Nb7+
Kc7 47. Na5 Be2 48. Kc5 Bf3 49. Nxc6 Bxe4 50. Nd4 1-0

[Event "3. Open Distrito Chamartín 2014"]
[Site "Madrid ESP"]
[Date "2014.09.07"]
[Round "1.15"]
[White "Guillo Longares, Cecilia"]
[Black "Gonzalez Mateos, Rafael"]
[Result "0-1"]
[WhiteElo "1605"]
[BlackElo "2016"]
[PlyCount "82"]
[EventDate "2014.09.07"]
[EventType "swiss"]
[EventRounds "9"]
[EventCountry "ESP"]
[SourceTitle "Ajedrez en Madrid"]
[Source "lmi"]
[SourceDate "2014.09.07"]
[SourceVersion "1"]
[SourceVersionDate "2015.07.30"]
[SourceQuality "1"]

1. Nf3 Nf6 2. c4 e6 3. Nc3 Bb4 4. a3 Bxc3 5. bxc3 d6 6. d4 h6 7. Bf4 Qe7 8. e3
b6 9. Bd3 Nc6 10. O-O e5 11. Qa4 Bd7 12. Bxe5 dxe5 13. Bf5 e4 14. Nd2 O-O 15.
Bxd7 Qxd7 16. Rab1 Rfe8 17. Rb2 Na5 18. Qb4 Qe7 19. Qa4 Qd6 20. c5 Qc6 21. Qxc6
Nxc6 22. Nb3 Rab8 23. Rfb1 Nd5 24. c4 Nc3 25. Rc1 Na4 26. Rbb1 bxc5 27. Nxc5
Nxc5 28. dxc5 Rxb1 29. Rxb1 Rb8 30. Rd1 Ne5 31. Rc1 Rb3 32. Ra1 Nxc4 33. a4 Ra3
34. Rxa3 Nxa3 35. Kf1 Nc4 36. Ke2 Ne5 37. Kd2 Nd3 38. Kc3 Nxc5 39. a5 a6 40.
Kc4 Nb7 41. Kb4 Kf8 0-1

[Event "3. Open Distrito Chamartín 2014"]
[Site "Madrid ESP"]
[Date "2014.09.08"]
[Round "2.2"]
[White "Fernandez Rodriguez, Fernando"]
[Black "Roa Alonso, Santiago"]
[Result "0-1"]
[WhiteElo "1779"]
[BlackElo "2397"]
[PlyCount "74"]
[EventDate "2014.09.07"]
[EventType "swiss"]
[EventRounds "9"]
[EventCountry "ESP"]
[SourceTitle "Ajedrez en Madrid"]
[Source "lmi"]
[SourceDate "2014.09.07"]
[SourceVersion "1"]
[SourceVersionDate "2015.07.30"]
[SourceQuality "1"]

1. d4 Nf6 2. c4 e6 3. Nc3 Bb4 4. e3 c5 5. Nge2 b6 6. a3 Ba5 7. Bd2 O-O 8. Nf4
Bb7 9. Bd3 d5 10. cxd5 cxd4 11. exd4 Bxc3 12. bxc3 Nxd5 13. O-O Qc7 14. Nxd5
Bxd5 15. Re1 Nd7 16. Rc1 Bc4 17. Bf4 Qxf4 18. Bxc4 Nf6 19. g3 Qd6 20. Qb3 Rac8
21. f4 g6 22. Bf1 h5 23. Rcd1 b5 24. Re5 a6 25. c4 bxc4 26. Bxc4 Kg7 27. Ra5 h4
28. Rxa6 Qc7 29. Bf1 hxg3 30. hxg3 Rfd8 31. Bg2 Qc3 32. Qxc3 Rxc3 33. a4 Rxg3
34. Kf2 Ra3 35. Bf3 Rh8 36. Kg2 Rh4 37. Kg3 Rg4+ 0-1

[Event "3. Open Distrito Chamartín 2014"]
[Site "Madrid ESP"]
[Date "2014.09.08"]
[Round "2.3"]
[White "Hernando Pertierra, Jose C"]
[Black "Soto Martin, Pablo"]
[Result "1/2-1/2"]
[WhiteElo "2379"]
[BlackElo "1781"]
[PlyCount "89"]
[EventDate "2014.09.07"]
[EventType "swiss"]
[EventRounds "9"]
[EventCountry "ESP"]
[SourceTitle "Ajedrez en Madrid"]
[Source "lmi"]
[SourceDate "2014.09.07"]
[SourceVersion "1"]
[SourceVersionDate "2015.07.30"]
[SourceQuality "1"]

1. Nf3 Nf6 2. d4 g6 3. Nc3 d5 4. Bf4 Bg7 5. Nb5 Na6 6. e3 O-O 7. Be2 c6 8. Na3
Qb6 9. Qc1 Bf5 10. O-O Rac8 11. c3 Rfd8 12. h3 c5 13. Nb5 Ne4 14. Ne5 f6 15.
Nf3 Nb8 16. a4 c4 17. Ne1 e5 18. Bh2 a6 19. Na3 Nc6 20. f3 Nd6 21. g4 Be6 22.
Qc2 Na5 23. Nb1 Qc7 24. Nd2 b5 25. axb5 axb5 26. Ng2 Ra8 27. dxe5 fxe5 28. f4
exf4 29. Nxf4 Bf7 30. Bf3 Qc5 31. Kh1 Nc6 32. Rxa8 Rxa8 33. b4 cxb3 34. Nxb3
Qc4 35. Nd2 Qxc3 36. Qxc3 Bxc3 37. Nxd5 Bxd2 38. Nf6+ Kg7 39. Bxc6 Ra6 40. Bxd6
Rxc6 41. Be5 Bc3 42. Ne8+ Kg8 43. Nf6+ Kg7 44. Ne8+ Kg8 45. Nf6+ 1/2-1/2

[Event "3. Open Distrito Chamartín 2014"]
[Site "Madrid ESP"]
[Date "2014.09.08"]
[Round "2.4"]
[White "Leniz Martinez, Francisco"]
[Black "Elissalt Cardenas, Hector"]
[Result "0-1"]
[WhiteElo "1775"]
[BlackElo "2334"]
[PlyCount "94"]
[EventDate "2014.09.07"]
[EventType "swiss"]
[EventRounds "9"]
[EventCountry "ESP"]
[SourceTitle "Ajedrez en Madrid"]
[Source "lmi"]
[SourceDate "2014.09.07"]
[SourceVersion "1"]
[SourceVersionDate "2015.07.30"]
[SourceQuality "1"]

1. e4 e5 2. Nf3 Nc6 3. Bb5 a6 4. Ba4 g6 5. Nc3 Bg7 6. Bb3 h6 7. O-O Nge7 8. d3
O-O 9. a4 Kh7 10. h3 f5 11. Bd2 f4 12. Nh2 Nd4 13. f3 Nxb3 14. cxb3 d6 15. Be1
c5 16. Bf2 Be6 17. Qc2 b6 18. Ra3 Qd7 19. Rfa1 g5 20. Nb1 Rf6 21. Nd2 Rg8 22.
Kh1 h5 23. Rg1 Rh6 24. h4 gxh4 25. Bxh4 Bf6 26. Bxf6 Rxf6 27. Raa1 Nc6 28. Rae1
Rh6 29. Qd1 Nd4 30. Rgf1 Qg7 31. Rf2 Qg3 32. Ref1 b5 33. axb5 axb5 34. Qa1 Rhg6
35. Qd1 R6g7 36. Qe1 Ra8 37. Rg1 Ra1 38. Qxa1 Qxf2 39. Qe1 Rxg2 40. Qxf2 Rxf2
41. Rg2 Rxg2 42. Kxg2 Nxb3 43. Nxb3 Bxb3 44. Kf2 d5 45. Ke2 d4 46. Kf2 c4 47.
dxc4 Bxc4 0-1

[Event "3. Open Distrito Chamartín 2014"]
[Site "Madrid ESP"]
[Date "2014.09.08"]
[Round "2.5"]
[White "Renteria, Jorge"]
[Black "Quispe Arteaga, Gabriel"]
[Result "1-0"]
[WhiteElo "2313"]
[BlackElo "1777"]
[PlyCount "103"]
[EventDate "2014.09.07"]
[EventType "swiss"]
[EventRounds "9"]
[EventCountry "ESP"]
[SourceTitle "Ajedrez en Madrid"]
[Source "lmi"]
[SourceDate "2014.09.07"]
[SourceVersion "1"]
[SourceVersionDate "2015.07.30"]
[SourceQuality "1"]

1. d4 d5 2. c4 e6 3. Nc3 c6 4. e3 Nf6 5. Nf3 Bd6 6. Be2 Nbd7 7. O-O O-O 8. b3
b6 9. Bb2 Bb7 10. Rc1 Rc8 11. h3 a6 12. Qc2 Qe7 13. e4 dxe4 14. Nxe4 Nxe4 15.
Qxe4 Nf6 16. Qe3 Ba3 17. Bxa3 Qxa3 18. Rfd1 Qe7 19. Ne5 c5 20. dxc5 Qxc5 21.
Qxc5 bxc5 22. Rd6 Rc7 23. Rcd1 g6 24. Bf3 Bc8 25. Rb6 Kg7 26. Rdd6 Re8 27. Rdc6
Rxc6 28. Rxc6 Rd8 29. Rxc5 Nd7 30. Rxc8 Rxc8 31. Nxd7 Rc7 32. Nb6 f5 33. b4 e5
34. Ba8 g5 35. c5 Kf7 36. c6 Ke6 37. Bb7 Kd6 38. a4 h6 39. Nc4+ Kd5 40. b5 Kc5
41. bxa6 Rxc6 42. a7 Rc7 43. a8=Q Kxc4 44. Qa6+ Kc5 45. Qb5+ Kd6 46. Qd5+ Ke7
47. Qxe5+ Kd8 48. Qf6+ Re7 49. Bc6 f4 50. Qd6+ Kc8 51. Qxe7 Kb8 52. Qb7# 1-0

[Event "3. Open Distrito Chamartín 2014"]
[Site "Madrid ESP"]
[Date "2014.09.08"]
[Round "2.7"]
[White "Martinez De Navascues, Francis"]
[Black "Nieto De La Cruz, Julio"]
[Result "0-1"]
[WhiteElo "1760"]
[BlackElo "2179"]
[PlyCount "48"]
[EventDate "2014.09.07"]
[EventType "swiss"]
[EventRounds "9"]
[EventCountry "ESP"]
[SourceTitle "Ajedrez en Madrid"]
[Source "lmi"]
[SourceDate "2014.09.07"]
[SourceVersion "1"]
[SourceVersionDate "2015.07.30"]
[SourceQuality "1"]

1. b4 c6 2. Bb2 Qb6 3. a3 a5 4. c4 Na6 5. c5 Nxc5 6. Qc2 axb4 7. axb4 Rxa1 8.
bxc5 Rxb1+ 9. Qxb1 Qxc5 10. Nf3 Nf6 11. e3 d6 12. Bd4 Qa5 13. Bb6 Bf5 14. Qb2
Qa4 15. Nd4 Be4 16. f3 Bd5 17. Nb5 Qb3 18. Nc7+ Kd7 19. Qa1 Qxb6 20. Na8 Qb3
21. e4 Qa2 22. Nb6+ Kd8 23. Qc3 Qb1+ 24. Kf2 Qxb6+ 0-1

[Event "3. Open Distrito Chamartín 2014"]
[Site "Madrid ESP"]
[Date "2014.09.08"]
[Round "2.8"]
[White "Barez Menendez, Hector"]
[Black "Tevar Sanz, Gonzalo"]
[Result "1-0"]
[WhiteElo "2163"]
[BlackElo "1773"]
[PlyCount "149"]
[EventDate "2014.09.07"]
[EventType "swiss"]
[EventRounds "9"]
[EventCountry "ESP"]
[SourceTitle "Ajedrez en Madrid"]
[Source "lmi"]
[SourceDate "2014.09.07"]
[SourceVersion "1"]
[SourceVersionDate "2015.07.30"]
[SourceQuality "1"]

1. d4 Nf6 2. Nf3 g6 3. c4 c5 4. g3 Bg7 5. Bg2 cxd4 6. Nxd4 Nc6 7. O-O O-O 8.
Nc3 Qb6 9. Nc2 Ng4 10. Nd5 Qd8 11. e4 Nge5 12. Nce3 e6 13. Nc3 Na5 14. Qe2 Qc7
15. Nb5 Qc5 16. b4 Qxb4 17. Ba3 Qa4 18. Bxf8 Kxf8 19. Rac1 a6 20. Nd6 Qa3 21.
Rfd1 Nec6 22. Nxc8 Rxc8 23. Rb1 Nd4 24. Qd2 Rc7 25. Qb4+ Qxb4 26. Rxb4 Ne2+ 27.
Kf1 Nc3 28. Rd2 b5 29. cxb5 Nxb5 30. Ra4 Na7 31. Rc2 Rxc2 32. Nxc2 N7c6 33. Nb4
Nxb4 34. Rxb4 Nc6 35. Ra4 a5 36. f4 Bc3 37. e5 Nd4 38. Rc4 Bb2 39. Ke1 Ke7 40.
Kd2 h5 41. Ra4 Nb5 42. Bf1 Nd4 43. Rxa5 Nf3+ 44. Kc2 Bd4 45. h3 Bf2 46. Ra3
Nd4+ 47. Kd2 Be1+ 48. Kd3 Bf2 49. Rc3 Nb5 50. Rb3 Nd4 51. Rb2 Bg1 52. a4 Nf5
53. g4 hxg4 54. hxg4 Ne3 55. Be2 Nd5 56. f5 gxf5 57. gxf5 exf5 58. Bf3 Nf4+ 59.
Kc4 Ke6 60. Rb1 Bf2 61. Rd1 Ng6 62. Bd5+ Ke7 63. Rf1 Nxe5+ 64. Kc3 Ng4 65. a5
Ba7 66. Rxf5 f6 67. Bc4 Ne3 68. Rh5 Nxc4 69. Kxc4 Ke6 70. Rb5 f5 71. Rb7 Be3
72. a6 Ke5 73. Kd3 Kf4 74. Rxd7 Kf3 75. a7 1-0